Charta základních práv Evropské unie

Nevyhnutnosť prijatia katalógu ľudských práv platných v Európskej únii. Na summite v Nice v r.2000 prijatá Charta základných práv EÚ. Dosah platnosti Charty v členských štátoch. Šesť kapitol Charty : Dôstojnosť. Sloboda. Rovnosť.Solidarita. Občianske práva. Súdnictvo.

Salvato in:
Dettagli Bibliografici
Autore principale: Šlosarčík, Ivo
Natura: Capitolo di libro
Lingua:ceco
Soggetti:
Tags: Aggiungi Tag
Nessun Tag, puoi essere il primo ad aggiungerne!!

MARC

LEADER 00000naa$a2200000$$$4500
001 0031142
005 20231016092034.9
041 0 |a cze 
044 |a CZ 
245 1 0 |a Charta základních práv Evropské unie  |c Ivo Šlosarčík 
520 |a Nevyhnutnosť prijatia katalógu ľudských práv platných v Európskej únii. Na summite v Nice v r.2000 prijatá Charta základných práv EÚ. Dosah platnosti Charty v členských štátoch. Šesť kapitol Charty : Dôstojnosť. Sloboda. Rovnosť.Solidarita. Občianske práva. Súdnictvo. 
610 2 0 |a práva ľudské 
610 2 0 |a právo občianske 
610 2 0 |a právo medzinárodné 
610 2 0 |a právo komunitárne 
610 2 0 |a súdnictvo 
610 2 0 |a charta 
610 2 0 |a dohody medzinárodné 
610 2 0 |a sloboda 
610 2 0 |a demokracia 
610 2 0 |a Európska únia 
100 1 |a Šlosarčík, Ivo